1061 1941 1296 1028 1263 1996 1681 1421 1809 1504 1176 1859 1959 1691 1510 1780 1158 1250 1338 1192 1144 1329 1732 1633 1108 1374 1577 1856 1780 1420 1542 1861 1921 1154 1391 1861 1533 1360 1941 1805 1130 1334 1411 1243 1736 1480 1865 1977 1453 1043 1477 1379 1093 1275 1734 1082 1259 1572 1606 1861 1480 1618 1682 1128 1726 1979 1076 1213 1098 1204 1569 1696 1704 1498 1082 1651 1699 1907 1864 1515 1207 1793 1852 1455 1494 1782 1947 1891 1745 1960 1747 1390 1880 1827 1331 1332 1836 1824 1130 BCNSPRNW ULIB Ver.6.0+V

เปลี่ยนเป็นภาษาไทย

Change to English
 แสดงรายละเอียดบรรณานุกรม
  กลับหน้าหลัก

Brief Record : Get Marc (ISO 2709) : E-mail record : QR code < ปิดหน้าต่าง
LEADER : 00000nam 2200000uu 4500
001    13399126543
003     ULIB
008    181019s2017||||th 000 0 tha d
020    ^a9781119266662
060    ^aW50^bN634A
100    ^aNicola Cooper, Anna Frain, John Frain
245    ^aABC of Clinical Professionalism
260    ^aHoboken, NJ :^bWiley Blackwell,^c2017
300    ^a81 pages;^b30 cm
650    ^aMESH:Professionalism
650    ^aPatient Care-ethics
650    ^aConfidentiality
760    ^aPart of the ABC Series series
945    ^p0^l0^i26811
999    ^aกัณชพร จุลอักษร
รายการนี้ยังไม่มีแท็ก
คุณยังไม่ได้ล็อกอิน คุณสามารถมีกิจกรรมร่วมกับเว็บไซต์ได้ แต่ต้องล็อกอินก่อน ::
  ล็อกอิน

รายการสื่อสารสนเทศ

ลำดับที่ ประเภท เลขเรียก/บาร์โค้ด สถานที่ สถานะ
1. วิทยาศาสตร์การแพทย์ และสุขภาพ
วิทยาศาสตร์การแพทย์ และสุขภาพ
W50 N634A ฉ.1 
  Barcode: 26811
ห้องสมุดวิทยาเขตนครสวรรค์
►หนังสือทั่วไป:l:General Books
บนชั้น

รายการใกล้เคียง
    ชื่อเรื่อง [ABC of Clinical Professionalism]

    ผู้แต่ง [Nicola Cooper, Anna Frain, John Frain]

    หัวเรื่อง [MESH:Professionalism]
    หัวเรื่อง [Patient Care-ethics]
    หัวเรื่อง [Confidentiality]

BibComment


ยังไม่เคยถูกคอมเมนท์

คอมเมนท์ทรัพยากรรายการนี้
  คอมเมนท์: ABC of Clinical ..


 Copyright 2026. Bcnsprnw @Library